Statistics for Sonic Characters Quiz

Click here to take the quiz!

General Stats

  • This quiz has been taken 2,239 times
  • The average score is 17 of 23

Answer Stats

HintCharacter% Correct
Blue HedgehogSonic
100%
Fox with two tailsTails
99%
Pink HedgehogAmy Rose
97%
Red EchidnaKnuckles
97%
Black HedgehogShadow
97%
Evil robot that resembles SonicMetal Sonic
89%
Man with an egg-shaped bodyDr Eggman
88%
Bat obsessed with jewelsRouge
88%
Large CatBig
80%
Young rabbitCream
79%
Hedgehog from the futureSilver
73%
Leader of Team ChaotixVector the Crocodile
73%
Ninja member of Team ChaotixEspio
72%
Youngest member of Team ChaotixCharmy Bee
71%
Robot that is built by Eggman that later sides with ShadowOmega
67%
Guardian of the Sol EmeraldsBlaze
64%
Pet of ^Froggy
60%
Guardian of the ChaosChaos
56%
Leader of the Bablyon RoguesJet
52%
Echidna that befriends ChaosTikal
51%
Mechanic of the Bablyon RoguesWave
45%
Eggman from an alternate dimensionEggman Nega
44%
Muscle of the Bablyon RoguesStorm
44%

Score Distribution

Percentile by Number Answered

Percent of People with Each Score

Your Score History

You have not taken this quiz